00893nam a22002057a 450000500170000000700150001700800410003202000220007303500100009504000090010510000300011424500790014425600240022326000370024730000280028450602700031265000260058274000380060885600410064620240305165631.0cr|||| ||| 220502s2021 br |||||s|||| 00||0 por d a978-65-5515-318-7 a36242 avLex1 ade Lima Rodrigues, Renata10aPlanejamento Familiarh[Recurso electrónico] /cRenata de Lima Rodrigues aServicio en línea aIndaiatuba:bEditora Foco,c2021 a1 recurso electrónico1 aDisponible solo en los productos indicadosdvLex GlobaldvLex Global (Academic Edition, excluding Law Schools)dvLex Global (U.S. Academic Edition, Law Schools)dvLex Global (U.S. Academic Edition, excluding Law Schools)dvLex Global (Academic Edition, Law Schools)04aDerecho CivilzBrasil0 avLex Libros (Servicio en línea)40uhttps://app.vlex.com/#/sources/36242